000 00658nam a2200229Ia 4500
003 OSt
005 20221007062704.0
006 a|||||r|||| 00| 0
007 ta
008 221006b |||||||| |||| 00| 0 eng d
024 _a13,591
037 _cTextual
040 _aFLL
_cFLL
_beng
041 _2eng
_aeng
082 _aV8:20X:55:9ZqN66, K6;1
100 _aLane P.H. Au.
_9683211
245 0 _aIntroduction to the trade practices act 1965
260 _aAustralia
_bThe Law Book Company Ltd. Australia
_c1966
300 _a29p
_ccm.
942 _hV8:20X:55:9ZqN66, K6;1
_cTEXL
_2CC
999 _c1129291
_d1129291